000 00480nam a2200169Ia 4500
999 _c7316
_d7316
003 OSt
005 20200127104937.0
008 190216s9999||||xx |||||||||||||| ||und||
040 _coclc
082 _a658.4012
_bRAO/S
100 _aRao, P Subba
_9797
245 0 _aStrategic Management /
_cP Subba Rao
250 _a1st ed.
260 _bHimalaya Publishing House,
_aMumbai:
_c2008.
300 _a375p
942 _cBK
_2ddc
_h658.4012
_iRAO/S
_k658.4012
_mRAO/S